| 000 | 01363nam a22002897a 4500 | ||
|---|---|---|---|
| 005 | 2009050101071.0 | ||
| 010 | _aENG-93367 B-430634 | ||
| 020 |
_a8189886940 _c960.00 |
||
| 020 |
_a9788189886943 _c960.00 |
||
| 035 | _aEN-76900 | ||
| 035 | _aB-430634 | ||
| 037 | _bDBAD / PUB | ||
| 037 | _bResearchco Book Centre | ||
| 082 | _a300.72 | ||
| 100 |
_aRavichandran, K. _931945 |
||
| 245 |
_aIntroduction to research methods in social sciences / _cby K. Ravichandran [and] S. Nakkiran |
||
| 260 |
_aDelhi _bAbhijeet Publications _c2009 |
||
| 270 |
_a2/46 Tukhmeerpur Extension _bDelhi _e110094 |
||
| 300 |
_axxi, 282p. _c23cm (Hb) |
||
| 500 | _aIncludes bibliographical references | ||
| 650 |
_aSocial sciences _xResearch _xMethodology _931946 |
||
| 700 |
_aNakkiran, S. _931604 |
||
| 942 |
_2ddc _cEN _mRAV _h300.72 |
||
| 999 |
_c25978 _d25978 |
||